000 00626nam a2200193Ia 4500
008 151121s9999||||xx |||||||||||||| ||und||
082 _a813/हुद्दार
082 _bHNW-114768
100 _aहुद्दार मधुकर
245 _aफ्रोझन डेथ
260 _b"अजब पुस्तकालय, कोल्हापूर"
260 _c2013
300 _a192
600 _aहुद्दार मधुकर
630 _aफ्रोझन डेथ
700 _aहुद्दार मधुकर
730 _aफ्रोझन डेथ
942 _cBOOK
999 _c1263670
_d1263667